| 000 | 00588nam a2200205 a 4500 | ||
|---|---|---|---|
| 005 | 20240911063939.0 | ||
| 008 | 991125s1963 mad 000 0 spa u | ||
| 035 | _aUPN01000012062 | ||
| 049 | _aCG | ||
| 050 | 4 |
_aQB43.2 _bG3.48 |
|
| 100 | 1 |
_aGamow, George, _d1904-1968 |
|
| 245 | 1 | 3 |
_aLa creación del universo / _cGeorge Gamow ; tr Manuel Pérez Sama. |
| 260 |
_aMadrid : _bEspasa-Calpe, _c1963. |
||
| 300 | _a200 p. | ||
| 440 | 0 | _aNueva ciencia, nueva técnica | |
| 650 | 2 |
_aAstronomía _98475 |
|
| 650 | 2 |
_aCosmogonía india _911321 |
|
| 650 | 4 |
_aCosmología _9263 |
|
| 905 | _aLibro | ||
| 999 |
_c12062 _d12062 |
||